| 000 | 00616nam a2200229Ia 4500 | ||
|---|---|---|---|
| 003 | OSt | ||
| 005 | 20221006164706.0 | ||
| 006 | a|||||r|||| 00| 0 | ||
| 007 | ta | ||
| 008 | 221006b |||||||| |||| 00| 0 eng d | ||
| 024 | _a1,154 | ||
| 037 | _cTextual | ||
| 040 |
_aFML _cFML _beng |
||
| 041 |
_2eng _aeng |
||
| 082 | _aO15,2D40,1, 111J7 | ||
| 100 | _aKale M R Ed. | ||
| 245 | 0 | _aAbhigyanshakuntalam of Kalidas | |
| 260 |
_aMumbai _bBook Sellers Publishing Co. _c1957 |
||
| 300 |
_a320 + 217 _ccm. |
||
| 942 |
_hO15,2D40,1, 111J7 _cTEXL _2CC |
||
| 999 |
_c1118132 _d1118132 |
||